00690nam a22002057a 450000500170000001000130001702000100003003500130004003700160005304000120006908200150008110000190009624500840011526000360019927000670023530000280030250000420033065000520037265000600042420170124110026.0 aA-752189 c00.00 aA-752189 bCen Lib/Ret aDPLbEN a332.6bSHA aShanbhag, A N. aIn the wonderland of investment :cby A. N. Shanbhagbassessment year 1996-97 / aMumbaibPopular Prakashanc1995 bMumbaia35-C, Pandit Madan Mohan Malaviya Mrag, Tardeoe400034 axxxviii,394p.c21cm(Hb) aIncludes bibliographical references  aInvestments -- India -- Handbooks, manuals, etc aInvestment advisors -- India -- Handbooks, manuals, etc